000
00216 a2200097 4500
001
57030
100
_a
245
_a
Savage Border (Story of NWFP)
260
_a
uk
_b
Sutton pub
_c
2007
090
_c
34954
_d
34954
942
_a
NUST-CAE
_c
MONOGRAPH
_c
27729
999
_c
292103
_d
292103